01487nam a2200349 a 4500003000500000005001700005008004100022010001100063011001100074020001800085035001100103040000900114082001800123111010700141245023300248260003700481300004100518590004100559590004100600590004100641590004200682650003700724650003700761650003300798700003300831700002900864901000700893942001000900949007000910999001900980952013800999CHAP20220329143751.0110729s1993 us a r 10000 eng d a101655 a102627 a9780792325192 a113316 cCHAP04a631.811bOp762 aInternational Colloquium for the Optimization of Plant Nutrition (n8 :d1993:c) Lisboa, Portugal92010aOptimization of plant nutrition :brefereed papers from the Eighth International Colloquium for the Optimization of Plant Nutrition, 31 August-8 September 1992, Lisboa, portugalc/editado por M.A. C. Fragoso, M. L. van Beusichem aBoston :bKluwer Academic,c1993 axi, 682 p. ;bilus., gráfs. tablas aBATCH-UPDb10c20130110lUCH01h1921 aBATCH-UPDb10c20130410lUCH01h1247 aBATCH-UPDb10c20130914lUCH01h0613 aCONVERSIONb10c20130109lUCH01h135614aMinerales en nutrición.97593614aPlantasxFertilización.98883814aPlantasxNutrición.9888740 aBeusichem, M. L. van.9121040 aFragoso, M. A. C.942854 aBK cLIBRO a631.811 Op76bBCcLIBROd33724002246595eLIBROh115410i113316sb c101655d101655 00102ddc4052708GRALaBCbBCcPP_GRALd2019-12-31fLIBROl0o631.811 Op76p33724002246595r2019-12-31 00:00:00w2019-12-31yLIBRO